Ethnomethodologie reloaded : Neue Werkinterpretationen und Theoriebeiträge zu Harold Garfinkels Programm.

Bibliographic Details
Main Author: Bergmann, Jörg R.
Other Authors: Meyer, Christian.
Format: eBook
Language:German
Published: Bielefeld : transcript, 2021.
Edition:1st ed.
Series:Media in Action
Subjects:
Online Access:Click to View
LEADER 03475nam a22003973i 4500
001 EBC6956241
003 MiAaPQ
005 20231204023223.0
006 m o d |
007 cr cnu||||||||
008 231204s2021 xx o ||||0 ger d
020 |a 9783839454381  |q (electronic bk.) 
020 |z 9783837654387 
035 |a (MiAaPQ)EBC6956241 
035 |a (Au-PeEL)EBL6956241 
035 |a (OCoLC)1280944726 
040 |a MiAaPQ  |b eng  |e rda  |e pn  |c MiAaPQ  |d MiAaPQ 
100 1 |a Bergmann, Jörg R. 
245 1 0 |a Ethnomethodologie reloaded :  |b Neue Werkinterpretationen und Theoriebeiträge zu Harold Garfinkels Programm. 
250 |a 1st ed. 
264 1 |a Bielefeld :  |b transcript,  |c 2021. 
264 4 |c {copy}2021. 
300 |a 1 online resource (431 pages) 
336 |a text  |b txt  |2 rdacontent 
337 |a computer  |b c  |2 rdamedia 
338 |a online resource  |b cr  |2 rdacarrier 
490 1 |a Media in Action 
505 0 |a Cover -- Inhalt -- Vorwort -- Die Vorgeschichte der Studies in Ethnomethodology -- Harold Garfinkels Studies in Ethnomethodology -- Neue Perspektiven auf die einzelnen Studies in Ethnomethodology -- Kapitel 1 - What is ethnomethodology? -- Reflexivity, Indexicality, Accountability -- Kapitel 2 - Studies of the routine grounds of everyday activities -- Der dünne Boden der natürlichen Einstellung -- Kapitel 3 - Common sense knowledge of social structures: the documentary method of interpretation in lay and professional fact finding -- Vom Dokumentsinn zur Dokumentarischen Methode -- Kapitel 4 - Some rules of correct decisions that jurors respect -- Was macht Geschworene zu Geschworenen? -- ›The Outcome Comes Before the Decision‹ -- Kapitel 5 - Passing and the managed achievement of sex status in an intersexed person -- Lonesome Agnes: Gender am Beginn und nach der Ethnomethodologie -- Kapitel 6 - »Good organizational reasons for ›bad‹ clinic records« -- Garfinkel und die Organisationssoziologie -- »Gute Gründe für schlechte Texte« -- Kapitel 7 - Methodological adequacy in the quantitative study of selection criteria and selection practices in psychiatric outpatient clinics -- Methodological Adequacy -- Kapitel 8 - The rational properties of scientific and common sense activities -- Garfinkel und das Rationalitätsproblem -- Zur Aktualität, Neuentdeckung und Weiterentwicklung der Ethnomethodologie -- Garfinkels Transformation des Problems sozialer Ordnung -- Reflexivität, Sequentialität und die kommunikative Konstruktion -- Garfinkel und Interaktion -- Indexikalische Ausdrücke und mimetische Kommunikation -- Spannungen in Garfinkels Programm der Studies of Work -- Die Entstehung der kritischen Kriminologie - auch aus dem Geist der Ethnomethodologie -- Kritische Ethnomethodologie -- Die nächsten 50 Jahre -- Autor*innenverzeichnis. 
588 |a Description based on publisher supplied metadata and other sources. 
590 |a Electronic reproduction. Ann Arbor, Michigan : ProQuest Ebook Central, 2023. Available via World Wide Web. Access may be limited to ProQuest Ebook Central affiliated libraries.  
655 4 |a Electronic books. 
700 1 |a Meyer, Christian. 
776 0 8 |i Print version:  |a Bergmann, Jörg R.  |t Ethnomethodologie reloaded  |d Bielefeld : transcript,c2021  |z 9783837654387 
797 2 |a ProQuest (Firm) 
830 0 |a Media in Action 
856 4 0 |u https://ebookcentral.proquest.com/lib/matrademy/detail.action?docID=6956241  |z Click to View